[Event "22nd ECU Club Cup"]
[Site "Feugen AUT"]
[Date "2006.10.10"]
[Round "3"]
[White "Iljin,A"]
[Black "Petr,Ma"]
[Result "1-0"]
[WhiteElo "2513"]
[BlackElo "2417"]

1.d4 d5 2.c4 e6 3.Nc3 c6 4.e3 Nf6 5.Nf3 Nbd7 6.Bd3 Bd6 7.O-O O-O 8.e4 dxe4
9.Nxe4 Nxe4 10.Bxe4 h6 11.Bc2 Re8 12.Qd3 Nf8 13.b3 b6 14.Bb2 Bb7 15.c5 Be7
16.Qe3 Nd7 17.Rad1 Qc7 18.b4 Ba6 19.Rfe1 Bc4 20.a3 Bd5 21.Qd3 f5 22.Bb3 Bf6
23.Bxd5 cxd5 24.Bc1 a6 25.g3 b5 26.Bf4 Qc6 27.h4 a5 28.a4 bxa4 29.b5 Qc8
30.Rb1 Kh8 31.Rec1 e5 32.dxe5 Be7 33.c6 Nb6 34.Be3 Rb8 35.c7 Rb7 36.Rc6 Nc4
37.b6 a3 38.Qxd5 Nxe3 39.fxe3 f4 40.exf4 Bb4  1-0

[Event "22nd ECU Club Cup"]
[Site "Feugen AUT"]
[Date "2006.10.10"]
[Round "3"]
[White "Niklasch,O"]
[Black "Steingrimsson,H"]
[Result "0-1"]
[WhiteElo "2419"]
[BlackElo "2466"]

1.Nf3 d5 2.d4 Nf6 3.c4 e6 4.Nc3 c6 5.e3 Nbd7 6.Bd3 dxc4 7.Bxc4 b5 8.Bd3 a6
9.e4 c5 10.e5 cxd4 11.Nxb5 Ng4 12.Qa4 Bb7 13.Nbxd4 Qb6 14.O-O Bc5 15.Be3 Nxe3
16.fxe3 h6 17.Rac1 Rd8 18.Kh1 O-O 19.Qc2 Bxd4 20.exd4 Bxf3 21.Rxf3 Qxd4 22.Rd1 Qh4
23.Qe2 Nc5 24.g3 Qg5 25.b4 Nxd3 26.Rfxd3 Rb8 27.Qe4 Rb5 28.Re1 Rfb8 29.a3 a5
30.bxa5 Rxa5 31.h4 Qe7 32.Ree3 h5 33.Kg2 g6 34.Kh3 Kg7 35.Rf3 Rbb5 36.Qc6 Rd5
37.Rxd5 Rxd5 38.Qc3 g5 39.Rd3 g4+ 40.Kh2 Qc5 41.Qxc5 Rxc5 42.Re3 Kg6 43.a4 Kf5
44.Ra3 Ra5  0-1

[Event "22nd ECU Club Cup"]
[Site "Feugen AUT"]
[Date "2006.10.10"]
[Round "3"]
[White "Cobb,J"]
[Black "Makoli,P"]
[Result "1-0"]
[WhiteElo "2395"]
[BlackElo "2246"]

1.d4 Nf6 2.Nf3 d5 3.c4 c6 4.Nc3 e6 5.e3 Bd6 6.Qc2 Nbd7 7.g4 dxc4 8.Bxc4 b5
9.Be2 Bb7 10.e4 Bc7 11.g5 Ng8 12.Be3 Ne7 13.O-O-O a6 14.h4 Qb8 15.h5 Bf4
16.g6 hxg6 17.hxg6 Nxg6 18.Rxh8+ Nxh8 19.e5 Bxe3+ 20.fxe3 Qc7 21.Ne4 O-O-O
22.Nd6+ Kb8 23.Ng5 Nf8 24.Nge4 f5 25.exf6 gxf6 26.Nxb7 Kxb7 27.Nxf6 Qg3 28.Qd3 Nd7
29.Ne4 Qc7 30.Kb1 Nf7 31.Qa3 Nb8 32.Nc5+ Ka8 33.Nxe6 Qh2 34.Bd3 Re8 35.Nc5 Ka7
36.Ne4 Qh6 37.Rf1 Nd8 38.Qc5+ Ka8 39.Qc1 Qh7 40.Nc5 Qe7 41.e4 Ne6 42.Nxe6 Qxe6
43.Qc3 Rd8 44.Rd1 Kb7 45.a4 Qd6 46.axb5 axb5 47.Be2 Na6 48.d5 Re8 49.e5 Qc5
50.d6 Qxc3 51.bxc3 Nc5 52.d7 Nxd7 53.Rxd7+ Kb6 54.Kc2 Rxe5 55.Bf3 Re3 56.Rf7 Re6
57.Rf5 Rd6 58.Be4 Re6 59.Bd3 Rd6 60.Rg5 Rh6 61.Rg6 Rh4 62.Re6 Rh5 63.Be4 Rc5
64.Kb3 Rc4 65.Bd3 Rc5 66.Kb4 Rd5 67.Rxc6+  1-0

[Event "22nd ECU Club Cup"]
[Site "Feugen AUT"]
[Date "2006.10.10"]
[Round "3"]
[White "Gomez Esteban,J"]
[Black "Korneev,O"]
[Result "1/2-1/2"]
[WhiteElo "2486"]
[BlackElo "2657"]

1.d4 d5 2.c4 c6 3.Nc3 Nf6 4.e3 e6 5.Nf3 Nbd7 6.Bd3 dxc4 7.Bxc4 b5 8.Bd3 a6
9.e4 c5 10.e5 cxd4 11.Nxb5 axb5 12.exf6 gxf6 13.O-O Qb6 14.Qe2 b4 15.Rd1 Bc5
16.Bf4 h5 17.Rac1 Kf8 18.Bb5 Ra5 19.Nxd4 e5 20.Bxd7 Bxd7 21.Nb3 Bg4 22.Qd2 exf4
23.Nxa5 Bxd1 24.Nc4 Bxf2+ 25.Qxf2 Qxf2+ 26.Kxf2 Bg4 27.Nd2 Be6 28.a3 Kg7
29.axb4 Rb8 30.Rc2 Rxb4 31.Nf3 Bf5 32.Rd2 Be4 33.Nd4 Kg6 34.Ne2 Bb7 35.Nd4 h4
36.h3 f5 37.Nf3 Bxf3 38.gxf3 Kf6 39.Re2 Rb8 40.Rc2 Rb3 41.Re2 Rd3 42.Kg2 Rd8
43.Kh2 Rg8 44.Rg2 Rg3 45.Rf2 Ke5 46.b4 Kd4 47.b5 Kc5 48.Rb2 Rg6 49.Rb1 Rb6
50.Rc1+ Kd4 51.Rb1 Kc4 52.Rc1+ Kxb5 53.Rc7 f6 54.Rh7 Kc5 55.Rxh4 Rb4 56.Kg2 Kd5
57.Rh8 Rb2+ 58.Kg1 Ke6 59.Rd8 Rb1+ 60.Kg2 Rb2+ 61.Kg1 Rb7 62.Rd2 Rb3 63.Kg2 Kf7
64.Rd4 Rb2+ 65.Kg1 Kg6 66.h4 Kh5 67.Rxf4 Ra2  1/2-1/2

[Event "Muensterland Open"]
[Site "Senden GER"]
[Date "2006.10.10"]
[Round "5"]
[White "Schulze,U"]
[Black "Porper,E"]
[Result "0-1"]
[WhiteElo "2304"]
[BlackElo "2462"]

1.d4 d5 2.Nf3 c6 3.c4 Nf6 4.Nc3 e6 5.e3 Nbd7 6.Qc2 Bd6 7.g4 Bb4 8.Bd2 Qe7
9.Rg1 Bxc3 10.Bxc3 Ne4 11.Bd3 Nxc3 12.Qxc3 dxc4 13.Bxc4 O-O 14.O-O-O b6 15.Ne5 Bb7
16.Nxd7 Qxd7 17.Kb1 Qe7 18.g5 Rac8 19.h4 c5 20.Qa3 Bf3 21.Rc1 Rc7 22.dxc5 Rxc5
23.Ba6 Qc7 24.Rxc5 bxc5 25.Rc1 Qh2 26.Qxc5 Qxh4 27.Ka1 Qxf2 28.Qxa7 Bd5 29.Qc5 Qg2
30.a4 g6 31.Bb5 Ra8 32.Rc3 Qg4 33.Rc1 Bb3 34.Qc6 Rf8 35.e4 Qxg5 36.a5 Rb8
37.Rc5 Qe3 38.Rc1  0-1

[Event "7th Veselin Boskovic Mem Op"]
[Site "Beograd SRB"]
[Date "2006.10.11"]
[Round "9"]
[White "Milanovic,Da"]
[Black "Rmus,A"]
[Result "1-0"]
[WhiteElo "2477"]
[BlackElo "2380"]

1.d4 d5 2.c4 c6 3.Nf3 Nf6 4.Nc3 e6 5.e3 Nbd7 6.Qc2 Bd6 7.g4 dxc4 8.Bxc4 e5
9.g5 Nd5 10.Bd2 Nb4 11.Qb3 Qe7 12.Ne4 Nd5 13.Nxd6+ Qxd6 14.e4 b5 15.Be2 exd4
16.exd5 Nc5 17.Qb4 Bh3 18.Qxd4 O-O-O 19.Rc1 Rhe8 20.Be3 Na4 21.Bxb5 Qxd5
22.Qxd5 Rxd5 23.Bxc6  1-0

[Event "22nd ECU Club Cup"]
[Site "Feugen AUT"]
[Date "2006.10.11"]
[Round "4"]
[White "Thorfinnsson,Br"]
[Black "Tweedie,S"]
[Result "0-1"]
[WhiteElo "2387"]
[BlackElo "2239"]

1.d4 d5 2.Nf3 Nf6 3.c4 e6 4.Nc3 c6 5.e3 Nbd7 6.Qc2 Bd6 7.Be2 dxc4 8.Bxc4 e5
9.O-O O-O 10.Rd1 Qc7 11.h3 h6 12.a3 a5 13.b3 Re8 14.Bb2 exd4 15.Nxd4 Bf8
16.Ncb5 Qb6 17.Nf5 cxb5 18.Nxh6+ gxh6 19.Qg6+ Kh8 20.Qxf7 Bg7 21.Bd4 Qc6
22.Bd5 Qd6 23.Bxf6 Nxf6 24.Bxb7 Qe6 25.Qxe6 Bxe6 26.Bxa8 Rxa8 27.Rd3 Rc8
28.Rad1 Kg8 29.Rd8+ Rxd8 30.Rxd8+ Bf8 31.Ra8 Bxb3 32.Rxa5 Bc4 33.a4 b4 34.Ra8 Nd7
35.Rd8 Be6 36.Ra8 b3 37.Ra5 Bc4 38.Ra7 Nc5  0-1

[Event "Muensterland Open"]
[Site "Senden GER"]
[Date "2006.10.11"]
[Round "6"]
[White "Farago,I"]
[Black "Borovikov,V"]
[Result "1/2-1/2"]
[WhiteElo "2522"]
[BlackElo "2578"]

1.d4 d5 2.c4 c6 3.Nc3 Nf6 4.Nf3 e6 5.e3 Nbd7 6.Qc2 Bd6 7.Bd3 O-O 8.O-O dxc4
9.Bxc4 a6 10.a4 c5 11.dxc5 Bxc5 12.b3  1/2-1/2

[Event "22nd ECU Club Cup"]
[Site "Feugen AUT"]
[Date "2006.10.12"]
[Round "5"]
[White "Prusikin,M"]
[Black "Huzman,A"]
[Result "1/2-1/2"]
[WhiteElo "2560"]
[BlackElo "2585"]

1.d4 d5 2.c4 c6 3.e3 Nf6 4.Nc3 e6 5.Nf3 Nbd7 6.Qc2 Bd6 7.b3 O-O 8.Be2 dxc4
9.bxc4 e5 10.O-O Re8 11.Rd1 Qe7 12.Rb1 exd4 13.exd4 Nf8 14.h3 h6 15.Bf1 Qc7
16.c5 Be7 17.Ne5 Bxc5 18.Nxf7 Qxf7 19.dxc5 Be6 20.Rb4 Rad8 21.Rxd8 Rxd8 22.Qb2 Rd7
23.Ra4 a6 24.Be3 Ng6 25.Rd4 Rxd4 26.Bxd4 Nf4 27.Bxf6 Qxf6 28.Qxb7 Qxc3 29.Qb8+ Kh7
30.Qxf4 Qxc5 31.Bd3+ Kg8 32.Qb8+ Kf7 33.Qb7+ Kf6 34.Qxa6 Qc1+ 35.Kh2 Qf4+
36.Kg1 Qc1+ 37.Kh2  1/2-1/2

[Event "11th ECU Club Cup w"]
[Site "Feugen AUT"]
[Date "2006.10.12"]
[Round "5"]
[White "Medic,Mir"]
[Black "Nebolsina,V"]
[Result "1/2-1/2"]
[WhiteElo "2285"]
[BlackElo "2349"]

1.d4 d5 2.Nf3 Nf6 3.c4 c6 4.e3 e6 5.Nc3 Nbd7 6.Qc2 Bd6 7.Bd3 dxc4 8.Bxc4 b5
9.Be2 Bb7 10.O-O O-O 11.e4 e5 12.dxe5 Nxe5 13.Nxe5 Bxe5 14.Be3 Re8 15.Bf3 Qc7
16.g3 Bxc3 17.Qxc3 Nxe4 18.Bxe4 Rxe4 19.Rac1 a5 20.Qd3 Re7 21.Rfd1 Rae8 22.Rc5 Qc8
23.Rh5 g6 24.Rc5 Qe6 25.a3 Qe4 26.Qxe4 Rxe4 27.Rd7 R4e7 28.Rxe7 Rxe7 29.Bd2 Re2
30.Bc3 b4 31.axb4 axb4 32.Re5 Rxe5 33.Bxe5 b3  1/2-1/2

[Event "WJun"]
[Site "Yerevan ARM"]
[Date "2006.10.12"]
[Round "9"]
[White "Tonoian,A"]
[Black "Hovhannisyan,R"]
[Result "1-0"]
[WhiteElo "2400"]
[BlackElo "2264"]

1.d4 d5 2.c4 c6 3.Nc3 Nf6 4.e3 e6 5.Nf3 Nbd7 6.Bd3 dxc4 7.Bxc4 b5 8.Bd3 Bb7
9.O-O b4 10.Ne4 Be7 11.Nxf6+ Nxf6 12.e4 O-O 13.e5 Nd7 14.Be4 Rb8 15.a3 bxa3
16.b4 f5 17.Bd3 Nb6 18.Bd2 Nd5 19.Qa4 Qb6 20.Rfb1 Ba8 21.Rxa3 Nxb4 22.Bc4 c5
23.Qd7 Qd8 24.Bxe6+ Kh8 25.Qxd8 Rfxd8 26.Bxb4 cxb4 27.Rxa7 Bxf3 28.gxf3 Bg5
29.Bd7 Kg8 30.d5 Kf8 31.d6 Bf4 32.Be6 Re8 33.Bb3 Bxe5 34.Rf7+ Kg8 35.d7 Red8
36.Rxf5+ Kh8 37.Rxe5 Rxd7 38.Rbe1 g6 39.Re8+ Rxe8 40.Rxe8+ Kg7 41.Re4 Rd3
42.Rxb4 Rxf3 43.Kg2 Rf5 44.Rb7+ Kh8 45.Be6 Re5 46.Bh3 Rg5+ 47.Kh1 Rh5 48.Bg2 Rf5
49.Kg1 Rg5 50.Rd7 Rc5 51.Rd5 Rc4 52.Bf3 Kg7 53.Kg2 h5 54.Be2 Rc6 55.Bd3 Rf6
56.Rg5 Rd6 57.Be4 Re6 58.Kf3 Kh6 59.Rxg6+ Rxg6 60.Bxg6 Kxg6 61.Kf4 Kf6 62.h4  1-0

[Event "22nd ECU Club Cup"]
[Site "Feugen AUT"]
[Date "2006.10.13"]
[Round "6"]
[White "Kozul,Z"]
[Black "Pelletier,Y"]
[Result "0-1"]
[WhiteElo "2589"]
[BlackElo "2588"]

1.d4 d5 2.c4 c6 3.Nc3 Nf6 4.e3 e6 5.Nf3 Nbd7 6.Bd3 dxc4 7.Bxc4 b5 8.Bd3 Bd6
9.O-O O-O 10.Ng5 Bb7 11.a3 Qb8 12.f4 h6 13.Nf3 b4 14.axb4 Bxb4 15.e4 c5 16.e5 Nd5
17.Bb1 cxd4 18.Qd3 f5 19.Nxd4 Nc5 20.Qg3 Qc7 21.Rd1 Qb6 22.Nxd5 Bxd5 23.Be3 Qb7
24.Qg6 a5 25.g4 Ra6 26.Nc2 Bh1 27.gxf5 exf5 28.Rd6 Rxd6 29.exd6 Rf6 30.Ba2+ Kf8
31.Qg3 Ne4 32.d7 Qxd7 33.Qh4 Rg6+  0-1

[Event "WJun"]
[Site "Yerevan ARM"]
[Date "2006.10.13"]
[Round "10"]
[White "Tonoian,A"]
[Black "Nasri,A"]
[Result "1-0"]
[WhiteElo "2400"]
[BlackElo "2227"]

1.d4 d5 2.c4 e6 3.Nf3 c6 4.e3 Nf6 5.Nc3 Nbd7 6.Bd3 dxc4 7.Bxc4 b5 8.Bd3 Bb7
9.O-O b4 10.Ne4 c5 11.Nxf6+ gxf6 12.a3 Rg8 13.axb4 cxd4 14.exd4 Bxb4 15.Bf4 e5
16.dxe5 fxe5 17.Bg3 e4 18.Qa4 a5 19.Bb5 exf3 20.Rad1 Bc8 21.Rd4 Be7 22.Rc1 Rg7
23.Rdc4 Bb7 24.Rc7  1-0

[Event "WJun"]
[Site "Yerevan ARM"]
[Date "2006.10.13"]
[Round "10"]
[White "Gregoire,S"]
[Black "Toufighi,H"]
[Result "0-1"]
[WhiteElo "2288"]
[BlackElo "2386"]

1.Nf3 d5 2.c4 c6 3.d4 Nf6 4.e3 e6 5.Nc3 Nbd7 6.Bd3 dxc4 7.Bxc4 b5 8.Bb3 a6
9.e4 b4 10.e5 bxc3 11.exf6 Bb4 12.fxg7 c2+  0-1

[Event "22nd ECU Club Cup"]
[Site "Feugen AUT"]
[Date "2006.10.14"]
[Round "7"]
[White "David,Alb"]
[Black "Kharlov,A"]
[Result "1/2-1/2"]
[WhiteElo "2534"]
[BlackElo "2557"]

1.d4 d5 2.c4 e6 3.Nc3 c6 4.e3 Nf6 5.Nf3 Nbd7 6.Bd3 dxc4 7.Bxc4 b5 8.Bd3 b4
9.Ne4 Bb7 10.O-O c5 11.Nxf6+ gxf6 12.a3 bxa3 13.b3  1/2-1/2

[Event "TCh-NED 2006-7"]
[Site "Netherlands NED"]
[Date "2006.10.14"]
[Round "2"]
[White "Van Gisbergen,S"]
[Black "Feygin,M"]
[Result "1/2-1/2"]
[WhiteElo "2319"]
[BlackElo "2520"]

1.d4 e6 2.c4 d5 3.Nc3 c6 4.e3 Nf6 5.Nf3 Nbd7 6.Qc2 Bd6 7.b3 O-O 8.Be2 e5
9.cxd5 Nxd5 10.Nxd5 cxd5 11.dxe5 Nxe5 12.Bb2 Bb4+ 13.Kf1 Nxf3 14.Bxf3 Be6
15.Qd3 Qb6 16.a3 Be7 17.Ke2 Rac8 18.Rhc1 Rc6 19.Kf1 Rfc8 20.Rxc6 bxc6 21.Rc1 Rb8
22.b4 a5 23.Be5 Rc8 24.Bd4 Qc7 25.Qc3 axb4 26.axb4 Qxh2 27.b5 Ra8 28.Qxc6 Ra2
29.Rc2 Bd7 30.Rxa2 Bxc6 31.bxc6 h6 32.g3 Qh3+ 33.Kg1 Bd6 34.Bxd5 h5 35.Ra8+ Kh7
36.Be4+ f5 37.Bg2 Qg4 38.Ra7 Qd1+ 39.Kh2 h4 40.Rxg7+ Kh6 41.Rd7 hxg3+ 42.fxg3 Qh5+
43.Bh3 Qe2+ 44.Bg2 Qh5+ 45.Bh3  1/2-1/2

[Event "TCh-NED 2006-7"]
[Site "Netherlands NED"]
[Date "2006.10.14"]
[Round "2"]
[White "Dambacher,M"]
[Black "Stellwagen,D"]
[Result "1/2-1/2"]
[WhiteElo "2425"]
[BlackElo "2575"]

1.d4 d5 2.c4 c6 3.Nc3 Nf6 4.Nf3 e6 5.e3 Nbd7 6.Bd3 dxc4 7.Bxc4 b5 8.Bd3 Bb7
9.O-O a6 10.e4 c5 11.e5 Nd5 12.a4 b4 13.Ne4 cxd4 14.Bg5 Qb8 15.Re1 h6 16.Bh4 Nc5
17.Rc1 Nxe4 18.Bxe4 Be7 19.Bxd5 Bxd5 20.Bxe7 Kxe7 21.Qxd4 Rd8 22.Qf4 Qb7
23.Nd2 Rac8 24.Qh4+ Ke8 25.Nc4 g5 26.Qg4 Bxc4 27.Rxc4 Rxc4 28.Qxc4 Rd2 29.h4 Qb6
30.Re2 Rd1+ 31.Kh2 Qd4 32.Qxd4 Rxd4 33.hxg5 hxg5 34.Kg3 Kd7 35.Rc2 Rd5 36.f4 Rd3+
37.Kg4 gxf4 38.Kxf4 b3 39.Rf2 Rd4+ 40.Ke3 Rxa4 41.Rxf7+ Kc6 42.Kd3 Rg4 43.Ra7 Kd5
44.Kc3 Rc4+ 45.Kxb3 Rc6 46.Rf7 Kxe5 47.g4 Kd5 48.g5 e5 49.Rf1 Rg6 50.Rg1 e4
51.Kc3 Ke5 52.Kd2 Kf4 53.Rf1+ Ke5 54.Rg1  1/2-1/2

[Event "IRT5"]
[Site "Sao Paulo BRA"]
[Date "2006.10.14"]
[Round "6"]
[White "Sega,C"]
[Black "Matsuura,E"]
[Result "0-1"]
[WhiteElo "2239"]
[BlackElo "2460"]

1.d4 d5 2.Nf3 Nf6 3.c4 c6 4.e3 e6 5.Nc3 Nbd7 6.Qc2 Bd6 7.a3 O-O 8.Be2 e5
9.cxd5 cxd5 10.Nb5 Bb8 11.dxe5 Nxe5 12.Bd2 a6 13.Nbd4 Ne4 14.O-O Qf6 15.Rac1 Re8
16.Ba5 Bg4 17.Qa4 b5 18.Qc2 Qh6 19.g3 Bh3 20.Nxe5 Bxe5  0-1

[Event "Open"]
[Site "Winterthur SUI"]
[Date "2006.10.14"]
[Round "9"]
[White "Galyas,M"]
[Black "Gattenloehner,S"]
[Result "1-0"]
[WhiteElo "2428"]
[BlackElo "2232"]

1.d4 d5 2.c4 c6 3.Nc3 Nf6 4.e3 e6 5.Nf3 Nbd7 6.Qc2 Bd6 7.b3 O-O 8.Be2 a6
9.O-O e5 10.cxd5 cxd5 11.dxe5 Nxe5 12.Bb2 Be6 13.Rad1 Rc8 14.Qb1 Bb8 15.Nxe5 Bxe5
16.Nxd5 Bxh2+ 17.Kxh2 Nxd5 18.Kg1 Qe7 19.Rc1 Rcd8 20.Rfd1 Qg5 21.Qe4 Rfe8
22.Bf3 Bf5 23.Qa4 Nxe3 24.Rxd8 Rxd8 25.Qa5 Nd5 26.Rd1 Be6 27.Bc1 Qf6 28.Bxd5 b6
29.Qe1  1-0

[Event "XI WCh-Blind"]
[Site "Goa IND"]
[Date "2006.10.15"]
[Round "6"]
[White "Popov,Ge"]
[Black "Nizam,R"]
[Result "1-0"]
[WhiteElo "2233"]
[BlackElo "2244"]

1.d4 d5 2.Nf3 Nf6 3.c4 c6 4.Nc3 e6 5.e3 Bd6 6.c5 Bc7 7.Bd3 Nbd7 8.O-O e5
9.dxe5 Nxe5 10.Nxe5 Bxe5 11.f4 Bxc3 12.bxc3 Qa5 13.Qd2 Qxc5 14.a4 Qe7 15.Ba3 Qe6
16.Rae1 Ne4 17.Bxe4 Qxe4 18.Qb2 b6 19.c4 Ba6 20.a5 Bxc4 21.Rf2 b5 22.Qxg7 O-O-O
23.Qxf7 Rd7 24.Qf6 Re8 25.Qxc6+ Rc7 26.Qa6+ Kd7 27.Qd6+ Kc8 28.f5 Rd7 29.Qa6+ Rb7
30.Rf4 Qe5 31.Bd6 Qc3 32.Qc6+ Kd8 33.Rff1 Qg7 34.f6 Qd7 35.Be7+ Rxe7 36.fxe7+ Qxe7
37.Rf6 Qe5 38.Rf8+  1-0

[Event "32nd Guernsey Chess Festival"]
[Site "Grand Harve Bay GCI"]
[Date "2006.10.16"]
[Round "2"]
[White "Westerkamp,B"]
[Black "Porper,E"]
[Result "0-1"]
[WhiteElo "2081"]
[BlackElo "2462"]

1.Nf3 d5 2.d4 c6 3.c4 Nf6 4.Nc3 e6 5.e3 Nbd7 6.Qc2 b6 7.cxd5 exd5 8.Bd3 Be7
9.O-O O-O 10.e4 dxe4 11.Nxe4 Bb7 12.Nxf6+ Nxf6 13.Rd1 Qc7 14.Bg5 h6 15.Bh4 Rad8
16.Rac1 Nd5 17.Bxe7 Qxe7 18.a3 Qf6 19.b4 Rd6 20.Be4 Ba8 21.Ne5 Ne7 22.Rd3 Qe6
23.Nc4 Rdd8 24.Rd2 Qf6 25.Ne5 Rd6 26.Rd3 Qe6 27.Nc4 Rdd8 28.Rd2 Qc8 29.Re1 Nd5
30.Bxd5 Rxd5 31.Re7 Rd7 32.Rxd7 Qxd7 33.Ne3 Re8 34.h3 Re6 35.Qf5 Bb7 36.Qg4 Qd6
37.Rd1 Rg6 38.Qe4 Qe6 39.Qxe6 Rxe6 40.d5 cxd5 41.Nxd5 Re8 42.Ne3 Bc6 43.Rc1 Re6
44.Nf5 Bd7 45.Rd1 Ba4 46.Rd8+ Re8 47.Rxe8+ Bxe8 48.Nd6 Bd7 49.f4 Kf8 50.Kf2 Ke7
51.Nc4 Be6 52.Ne5 Kd6 53.Ke3 Kd5 54.g4 f6 55.Nf3 Kc4 56.Nd4 Bd7 57.Ke4 g6
58.b5 h5 59.gxh5 gxh5 60.h4 Kc5 61.a4 Kc4 62.Nc6 a5 63.Ne7 Bxb5 64.axb5 a4
65.Nd5 a3 66.Ne3+ Kc3 67.Nd1+ Kb3  0-1

[Event "USCL"]
[Site "ICC INT"]
[Date "2006.10.16"]
[Round "8"]
[White "Ehlvest,J"]
[Black "Milman,L"]
[Result "1-0"]
[WhiteElo "2593"]
[BlackElo "2473"]

1.d4 d5 2.c4 c6 3.Nc3 Nf6 4.e3 e6 5.Nf3 Nbd7 6.Bd3 dxc4 7.Bxc4 b5 8.Bd3 Bb7
9.O-O a6 10.e4 c5 11.d5 c4 12.Bc2 Qc7 13.dxe6 fxe6 14.Nd4 Nc5 15.Be3 e5 16.Nf5 Rd8
17.Qe2 g6 18.Bg5 Qb6 19.Ne3 Be7 20.Ned5 Nxd5 21.exd5 Qc7 22.Bxe7 Qxe7 23.Rae1 O-O
24.a3 Rfe8 25.Rd1 Nd7 26.Ne4 Nf6 27.d6 Qe6 28.Nc5 Qc8 29.b4 Qc6 30.f3 Bc8
31.Qd2 Be6 32.f4 exf4 33.Qxf4 Nd5 34.Qg5 Bf7 35.d7 Rxd7 36.Nxd7 Qxd7 37.Rfe1 Kg7
38.Qg3 Qa7+ 39.Qf2 Ne3 40.Rc1 Qd4 41.Re2 Qb2 42.Qxf7+ Kxf7 43.Bxg6+ Kxg6
44.Rxb2 Rd8 45.Re2 Rd3 46.Rce1 Nf5 47.Re6+ Kg5 48.Rxa6 Nd4 49.Ra7 c3 50.Rc7 c2
51.Re4 Rd1+ 52.Kf2 c1=Q 53.Rxc1 Rxc1 54.Rxd4 Rc3 55.Rd5+ Kg4 56.Rxb5 Rxa3
57.Rb8 Ra2+ 58.Ke3 Kf5 59.Rb5+ Kg4 60.Rb7 h5 61.Rg7+ Kf5 62.Kd4 Kf6 63.Rg8 Kf7
64.Rg5 h4 65.h3 Kf6 66.Rg4 Kf5 67.Kc5  1-0

[Event "65th Ann FPX Festival"]
[Site "Sao Paulo BRA"]
[Date "2006.10.16"]
[Round "1"]
[White "Mekhitarian,K"]
[Black "Fier,A"]
[Result "0-1"]
[WhiteElo "2425"]
[BlackElo "2490"]

1.d4 d5 2.c4 c6 3.Nc3 Nf6 4.e3 e6 5.Nf3 Nbd7 6.Bd3 dxc4 7.Bxc4 b5 8.Bd3 a6
9.a4 b4 10.Ne4 c5 11.dxc5 Nxc5 12.Nxc5 Bxc5 13.Qe2 O-O 14.e4 Bb7 15.O-O Nd7
16.Bf4 Qe7 17.e5 f5 18.a5 h6 19.h4 Bxf3 20.Qxf3 Bd4 21.Bc4 Bxb2 22.Rad1 Nxe5
23.Bxe5 Bxe5 24.Rfe1 Qf6 25.Qb3 Kh8 26.Bxe6 Bc3 27.Re3 Qxh4 28.Qc4 Qf6 29.Rd7 Rad8
30.Red3 Rxd7 31.Rxd7 Re8 32.Rd6 Qe5 33.Rxa6 Qe1+  0-1

[Event "XI WCh-Blind"]
[Site "Goa IND"]
[Date "2006.10.17"]
[Round "8"]
[White "Bischoff,D"]
[Black "Kauzky,H"]
[Result "1/2-1/2"]
[WhiteElo "2168"]
[BlackElo "2007"]

1.d4 d5 2.c4 e6 3.Nc3 c6 4.e3 Nf6 5.Nf3 Nbd7 6.Bd3 dxc4 7.Bxc4 b5 8.Bd3 a6
9.e4 Bb7 10.e5 Nd5 11.Nxd5 cxd5 12.O-O Be7 13.Bd2 Qb6 14.Rc1 h6 15.Qb3 O-O
16.Bb4 Bxb4 17.Qxb4 Rfc8 18.g4 Qd8 19.a4 a5 20.Rxc8 Qxc8 21.Qxb5 Ba6 22.Qb3 Rb8
23.Bxa6 Qxa6 24.Qc2 Rc8 25.Qd1 Qb6 26.Qa1  1/2-1/2

[Event "XI WCh-Blind"]
[Site "Goa IND"]
[Date "2006.10.17"]
[Round "8"]
[White "Popov,Ge"]
[Black "Johansen,KR"]
[Result "0-1"]
[WhiteElo "2233"]
[BlackElo "2069"]

1.d4 d5 2.Nf3 Nf6 3.c4 e6 4.Nc3 c6 5.e3 Nbd7 6.cxd5 exd5 7.Bd3 Bd6 8.O-O O-O
9.h3 Re8 10.a3 Ne4 11.Qc2 Ndf6 12.b4 a6 13.Rb1 Bd7 14.Bxe4 Nxe4 15.Nxe4 Rxe4
16.Nd2 Re6 17.e4 dxe4 18.Nxe4 Rg6 19.Rb3 Bf5 20.Qe2 Bc7 21.Re1 Qh4 22.Ng5 Rf8
23.g3 Rxg5 24.Bxg5 Qxg5 25.h4 Qd8 26.Qe3 h6 27.a4 Qd5 28.Rb2 Bh3 29.Qe4 Qxe4
30.Rxe4 Be6 31.b5 cxb5 32.axb5 a5 33.b6 Bd6 34.Rb5 a4 35.d5 Bd7 36.Ra5 a3
37.Ra7 Rb8 38.Rc4 Bb5 39.Rc2 Ba6 40.Kg2 Re8 41.f4 Re1 42.h5 Re8 43.Kf3 f5
44.g4 fxg4+ 45.Kxg4 Kf7 46.Kf3 Kf6 47.Rg2 Bc5 48.Rg6+ Kf7 49.Rxa6 bxa6 50.b7 Rb8
51.Rxa6 Rxb7 52.d6 Ra7 53.Rc6 Bxd6  0-1

[Event "32nd Guernsey Chess Festival"]
[Site "Grand Harve Bay GCI"]
[Date "2006.10.20"]
[Round "6"]
[White "Cornelisse,J"]
[Black "Hillarp Persson,T"]
[Result "0-1"]
[WhiteElo "2196"]
[BlackElo "2557"]

1.d4 d5 2.c4 c6 3.Nf3 Nf6 4.Nc3 e6 5.e3 Nbd7 6.Qc2 Bd6 7.g4 h6 8.Rg1 e5 9.cxd5 cxd5
10.h4 e4 11.g5 hxg5 12.hxg5 exf3 13.gxf6 Nxf6 14.Bd2 Kf8 15.Qd1 Bh2 16.Rg5 Bg4
17.Nxd5 Rh4 18.Rxg4 Rxg4 19.Qxf3  0-1

[Event "10th Essent Open"]
[Site "Hoogeveen NED"]
[Date "2006.10.20"]
[Round "1"]
[White "Bensdorp,M"]
[Black "Goloshchapov,A"]
[Result "0-1"]
[WhiteElo "2264"]
[BlackElo "2552"]

1.d4 Nf6 2.c4 e6 3.Nf3 d5 4.Nc3 c6 5.e3 Nbd7 6.Qc2 Bd6 7.b3 O-O 8.Bd3 b6
9.O-O Bb7 10.cxd5 exd5 11.Bb2 Re8 12.Rac1 Qe7 13.Ne2 Ne4 14.Ng3 g6 15.Rfd1 Rad8
16.Qe2 f6 17.Rc2 Kg7 18.Rdc1 Nf8 19.Nd2 Ng5 20.Re1 Nfe6 21.Ndf1 Qd7 22.Qd1 Nf7
23.h4 f5 24.h5 Kg8 25.f4 Bb4 26.Nd2 Qe7 27.Re2 c5 28.Nf3 cxd4 29.Nxd4 Nxd4
30.Bxd4 Bc5 31.Qe1 Bxd4 32.exd4 Qd7 33.Rxe8+ Rxe8 34.Re2 Rxe2 35.Qxe2 Kf8
36.Nf1 Qd6 37.Qe3 Qa3 38.Qe2 Qc1 39.g3 Qa1 40.Qf2 Nh6 41.Be2 Qxa2 42.Qe3 Nf7
43.Nd2 Qa1+ 44.Kg2 Qc1 45.Qd3 Ba6 46.Qxa6 Qxd2 47.Kf1 Qc1+ 48.Kg2 Qb2 49.Qc8+ Kg7
50.Qe6 Qxd4 51.Bf3 Qb2+ 52.Kh3 Qf6 53.Qxd5 g5 54.fxg5 Nxg5+ 55.Kh2 f4 56.Bg2 f3
57.Bf1 Kh6 58.Bd3 Qb2+ 59.Kg1 Qg2+  0-1

[Event "WYB16"]
[Site "Batumi GEO"]
[Date "2006.10.21"]
[Round "3"]
[White "Benidze,D"]
[Black "Flores Rios,M"]
[Result "1-0"]
[WhiteElo "2318"]
[BlackElo "2336"]

1.d4 Nf6 2.c4 c6 3.Nc3 d5 4.Nf3 e6 5.e3 Nbd7 6.Qc2 Bd6 7.Bd3 O-O 8.O-O dxc4
9.Bxc4 a6 10.a4 c5 11.dxc5 Nxc5 12.Rd1 Qc7 13.a5 Ncd7 14.Qe2 Ng4 15.h3 Nge5
16.Bb3 Bb4 17.Bd2 Nc6 18.Rdc1 Bxa5 19.Nd4 Nde5 20.Qh5 Qd8 21.Rd1 g6 22.Qh6 Bc7
23.Ne4 Qe7 24.Ng5 f6 25.Ndxe6 Bxe6 26.Nxe6 Rf7 27.Nxc7 Qxc7 28.f4 Qb6 29.Ra3  1-0

[Event "TCh-BEL 2006-7"]
[Site "Belgium BEL"]
[Date "2006.10.22"]
[Round "2"]
[White "Lamby,P"]
[Black "Viaene,A"]
[Result "1/2-1/2"]
[WhiteElo "2233"]
[BlackElo "2022"]

1.d4 d5 2.c4 c6 3.Nf3 e6 4.e3 Nf6 5.Nc3 Nbd7 6.Qc2 b6 7.e4 dxe4 8.Nxe4 Nxe4
9.Qxe4 Bb7 10.Bd3 Nf6 11.Qh4 Bb4+ 12.Kf1 Be7 13.Bg5 c5 14.d5 exd5 15.Re1 dxc4
16.Bxc4 O-O 17.Ne5 Nd5 18.Bxe7 Qxe7 19.Qxe7 Nxe7 20.Nxf7 Rxf7 21.Rxe7 Ba6
22.Re4 Bxc4+ 23.Rxc4 Rd8 24.Re4 Rd1+ 25.Re1 Rfd7 26.g3 Kf7 27.Rxd1 Rxd1+
28.Kg2 Rxh1 29.Kxh1 Kf6 30.Kg2 Ke5 31.Kf3 Kd4 32.Ke2 b5 33.Kd2 a5 34.Ke2 c4
35.Kd2 b4 36.a4 Ke4 37.Ke2 Kd4 38.Kd2 g5 39.f3 h5 40.h4 gxh4 41.gxh4 c3+
42.bxc3+ bxc3+ 43.Kc2 Ke3 44.Kxc3 Kxf3 45.Kd3 Kg4 46.Ke4 Kxh4 47.Kf4 Kh3
48.Kf3 h4 49.Kf2 Kg4 50.Kg2 Kf4 51.Kh3 Ke4 52.Kxh4 Kd4 53.Kg3  1/2-1/2

[Event "TCh-BEL 2006-7"]
[Site "Belgium BEL"]
[Date "2006.10.22"]
[Round "2"]
[White "Buhr,CC"]
[Black "Van Espen,E"]
[Result "1-0"]
[WhiteElo "2285"]
[BlackElo "2148"]

1.d4 d5 2.c4 e6 3.Nc3 c6 4.e3 Nf6 5.Nf3 Bd6 6.Qc2 Nbd7 7.Bd2 O-O 8.Bd3 dxc4
9.Bxc4 e5 10.O-O-O Qc7 11.h3 b5 12.Bd3 Bb7 13.dxe5 Nxe5 14.Nxe5 Bxe5 15.f4 Bd6
16.g4 b4 17.Ne2 c5 18.Rhg1 c4 19.Bf5 Qa5 20.g5 Nd5 21.Bxh7+ Kh8 22.Rg4 c3
23.Rh4 cxd2+ 24.Kb1 Rfc8 25.Qf5 Qc7 26.Bg6+ Kg8 27.Bxf7+ Qxf7 28.Rh8+ Kxh8
29.Qxf7 Rab8 30.Rxd2 Rc5 31.b3 Bf8 32.Rd4 Nxe3 33.Rxb4 Rc1+ 34.Nxc1 Bxb4
35.Kb2 Bf3 36.Qxa7 Nd1+ 37.Kc2 Rc8+ 38.Kd3 Rc3+ 39.Kd4 Bc5+ 40.Qxc5 Rxc5
41.Kxc5 Nf2 42.h4 g6 43.Kd4 Bc6 44.Nd3 Nxd3 45.Kxd3 Kg7 46.Kd4 Kf7 47.Ke5 Bf3
48.f5 gxf5 49.Kxf5 Bd1 50.g6+ Kg7 51.Kg5 Bc2 52.h5 Bb1 53.h6+ Kg8 54.a4 Bc2
55.a5 Bxb3 56.a6 Bd5 57.a7  1-0

[Event "III Open"]
[Site "Calvia ESP"]
[Date "2006.10.22"]
[Round "3"]
[White "Pogorelov,R"]
[Black "Dziuba,M"]
[Result "1-0"]
[WhiteElo "2462"]
[BlackElo "2535"]

1.Nf3 d5 2.d4 c6 3.c4 e6 4.Nc3 Nf6 5.e3 Nbd7 6.Bd3 dxc4 7.Bxc4 b5 8.Bd3 Bd6
9.O-O O-O 10.Qc2 Bb7 11.a3 a6 12.b4 a5 13.Rb1 axb4 14.axb4 Qe7 15.e4 e5 16.dxe5 Nxe5
17.Nxe5 Bxe5 18.Ne2 Rfd8 19.Ng3 g6 20.Bg5 h6 21.Bxh6 Ng4 22.Bc1 Bd4 23.Be2 Nxh2
24.Rd1 Qh4 25.Rxd4 Rxd4 26.Qc5 Rd7 27.Qg5 Qh7 28.Nh5  1-0

[Event "III Open"]
[Site "Calvia ESP"]
[Date "2006.10.22"]
[Round "3"]
[White "Dimakiling,O"]
[Black "Hamdouchi,H"]
[Result "1/2-1/2"]
[WhiteElo "2476"]
[BlackElo "2582"]

1.d4 d5 2.Nf3 Nf6 3.c4 c6 4.e3 e6 5.Nc3 Nbd7 6.Bd3 dxc4 7.Bxc4 b5 8.Be2 b4
9.Na4 Bb7 10.O-O Bd6 11.b3 O-O 12.Bb2 c5 13.Bb5 Bxf3 14.Qxf3 cxd4 15.Bxd7 Qxd7
16.Bxd4 e5 17.Bc5 e4 18.Qe2 Bxc5 19.Nxc5 Qd6 20.Rac1 Rac8 21.Na4 h5 22.h3 Rfd8
23.Rxc8 Rxc8 24.Rd1 Qc6 25.Nb2 Qc2 26.Kf1 Rc5 27.Rd8+ Kh7 28.Nc4 Qc3 29.Qd1 a5
30.g3 a4 31.Kg2 axb3 32.axb3 Rc7 33.Qd6 Ra7 34.Qb8 Ra2 35.Ne5 Ne8  1/2-1/2